LEADER 01638nam a2200361 u 4500 001 000000039312 003 CaOOAMICUS 005 20070226113956.0 008 980512s1998 it u000 u ita u 020 $a8831515292 035 $a10794108 040 $aIPA$bita 041 1 $aita$hgrc 100 0 $aIohannes Chrysostomus,$cs., patriarca di Costantinopoli,$d347-407.$0(OLS)http://pul/name/2351 240 10$aCatecheses ad illuminandos$9(Iohannes Chrysostomus, s., patriarca di Costantinopoli, 347-407).$lItaliano.$0(OLS)http://pul/title/53224 245 13$aLe catechesi battesimali /$cGiovanni Crisostomo ; a cura di Luciano Zappella. 260 $aMilano :$bPaoline,$c1998. 300 $a439 p. ;$c20 cm 490 1 $aLetture cristiane del primo millennio ;$v27 500 $aComprende indice. 504 $aBibliografia: p. 129-138. 650 4$aCatechesi patristica.$0(OLS)http://pul/subject/1423 700 1 $aZappella, Luciano.$0(OLS)http://pul/name/29270 830 0$aLetture cristiane del primo millennio ;$v27.$0(OLS)http://pul/title/1545 850 $aPUL 852 $aPUL$W1$xSL Religione 1$y3$m67 G 37$j53473$nBK-PRI$b $qStampati$B53473$CPULBib$Z2$F53473 $H $81 900 $aGiovanni Crisostomo,$cs., patriarca di Costantinopoli,$d347-407$92351 900 $aCrisostomo, Giovanni,$cs., patriarca di Costantinopoli,$d347-407$92351 941 1 $a8 961 $aINV: 78274 996 $6020$a8831515292$9(OLS)http://pul/number/48954 996 $6245$aLe catechesi battesimali$9(OLS)http://pul/title/53225 996 $6260$aMilano :$bPaoline$9(OLS)http://pul/publisher/60808 LEADER 01395nam a2200289 u 4500 001 000000118055 003 CaOOAMICUS 005 20091120111144.0 008 091118s1972 it u000 u eng r 040 $aPUL$bita$dMCT 041 0 $aeng$afre$aspa 245 00$aMediation :$bin Christianity and other religions = Médiation : dans le Christianisme et les autres religions. 246 30$aMédiation : dans le Christianisme et les autres religions 260 $aRome :$bGregorian University Press,$c1972. 300 $a336 p. ;$c25 cm 490 1 $aStudia missionalia ;$v21 504 $aBibliografia in nota. 546 $aTesti in inglese, francese e spagnolo. 650 4$aMediazione (teologia).$0(OLS)http://pul/subject/9378 650 4$aSpiritualità.$0(OLS)http://pul/subject/843 830 0$aStudia missionalia ;$v21.$0(OLS)http://pul/title/228 850 $aPUL 852 $aPUL$W1$xDP1 Cons. Gen., Altre Classi 1$y22$m781 F 1$j135501$qStampati$B134470$CPULBib$Z2$F134470 $H67292 $82 941 1 $a8 996 $6246$aMédiation : dans le Christianisme et les autres religions$9(OLS)http://pul/title/148603 996 $6245$aMediation :$bin Christianity and other religions = Médiation : dans le Christianisme et les autres religions$9(OLS)http://pul/title/148602 996 $6260$aRome :$bGregorian University Press$9(OLS)http://pul/publisher/53119